| 000 | 00689 a2200205 4500 | ||
|---|---|---|---|
| 005 | 20080829125614.0 | ||
| 008 | 080829t xxu||||| |||| 00| 0 eng d | ||
| 010 | _aENG-87425 | ||
| 020 |
_a8187542829 _c300.00 |
||
| 035 | _aEN-70958 | ||
| 037 | _bDBAD / PUB | ||
| 082 | _a485 | ||
| 100 | _aVerma, R.S. | ||
| 245 |
_aLearn correct english _cby R.S.Verma |
||
| 260 |
_aJaipur _bPink City Publishers _c2007 |
||
| 270 |
_aRam Bhawan, Chaura Rasta _bJaipur _e302 003 |
||
| 300 |
_axvi, 656 p. _c23 cm (Hb.) |
||
| 942 |
_adpl _cEN _k485/VER _2ddc _h485 _mVER |
||
| 999 |
_c6522 _d6522 |
||